| 000 | 00845cam a22002655a 4500 | ||
|---|---|---|---|
| 001 | 17413828 | ||
| 005 | 20150524110433.0 | ||
| 008 | 120802t2012 caua fr 001 0 eng d | ||
| 020 | _a9781449311520 | ||
| 040 |
_aDLC _beng _cDLC _dDLC _dEG-ScBUE |
||
| 082 | 0 | 4 |
_a005.74 _bWHI _222 |
| 100 | 1 |
_aWhite, Tom _q(Tom E.) _938062 |
|
| 245 | 1 | 0 |
_aHadoop : _bthe definitive guide / _cTom White. |
| 250 | _a3rd ed., Revised & Updated. | ||
| 260 |
_aCalifornia : _bO'Reilly Media, _cc.2012. |
||
| 300 |
_axxiii, 657 p. : _bill. ; _c24 cm. |
||
| 500 | _aIndex : p. 629-657. | ||
| 500 | _a"Storage and analysis at Internet scale"--Cover. | ||
| 630 | 0 | 0 |
_aApache Hadoop. _2BUEsh |
| 650 | 0 |
_aFile organization (Computer science) _2BUEsh _912123 |
|
| 651 | _2BUEsh | ||
| 653 |
_bCOMSCI _cMay2015 |
||
| 655 |
_vreading book _934232 |
||
| 942 |
_2ddc _k005.74 WHI |
||
| 999 |
_c19403 _d19375 |
||